| 000 | 00506nam a22001937a 4500 | ||
|---|---|---|---|
| 003 | OSt | ||
| 005 | 20140310181758.0 | ||
| 008 | 130702t xxu||||| |||| 00| 0 eng d | ||
| 020 | _a0199100667 | ||
| 050 |
_aAG 243 _b.Ox98 1992 |
||
| 082 |
_aREF 030 _bOx2 1992 |
||
| 245 | _aOxford children's pocketbook of facts / | ||
| 260 |
_aOxford : _bOxford University Press, _cc1992. |
||
| 300 |
_a191 p. _bcol. : ill. ; _c21 cm. |
||
| 521 | _a | ||
| 541 | _j1 | ||
| 562 | _e1 | ||
| 942 |
_2lcc _cBK-GR _kREF |
||
| 999 |
_c3520 _d3520 |
||